000 00707nam a2200265Ia 4500
003 OSt
005 20221006143919.0
006 a|||||r|||| 00| 0
007 ta
008 221006b |||||||| |||| 00| 0 eng d
020 _cP3.25
024 _a10,389
037 _cTextual
040 _aEASL
_cEASL
_beng
041 _2eng
_aeng
082 _aW.41.N7, L4
100 _aKATO Shuichi
245 0 _aJapan-China phenomenon
_b Conflict or compatibility?
260 _aLondon
_bPaul Norbury Pub.
_c1974
300 _a103p.
_ccm.
490 _v CEL
700 _a CHIBBETT David Tr.
942 _hW.41.N7, L4
_cTEXL
_2CC
999 _c1078475
_d1078475